000 00444nam a2200181Ia 4500
005 20240813061241.0
008 240331s9999 xx 000 0 und d
020 _a0153202076
082 _bDEI
_a407
100 _aDeghton,L.C
245 0 _aSounds and spellings :
_bword power
260 _aNew York
_bHarcourt Brace Jovanovich
_c1977
300 _avi, 133 p .,
650 _a Words
650 _aSounds
650 _aSpellings
942 _cL
999 _c3030
_d3030